| 000 | 00836nam a2200217 a 4500 | ||
|---|---|---|---|
| 008 | 120620s2002 ||||||||||||||||| || u | ||
| 020 | _a0122577663 (alk. paper) | ||
| 050 | _aQK 717 Fit | ||
| 100 | _aHay, Robert K. M | ||
| 245 | 1 | 0 |
_aEnvironmental physiology of plants. (3rd ed.) _cby Alastair H. Fitter and Robert K. M. Hay |
| 250 | _a3rd ed. | ||
| 260 |
_aSan Diego, California: _bAcademic Press _c2002 |
||
| 300 | _axii, 367p.: ill. | ||
| 350 | _a0.00 | ||
| 500 | _aIncludes bibliography | ||
| 650 | 0 | _aPLANT ECOPHYSIOLOGY | |
| 650 | 0 | _aPLANT ECOLOGY | |
| 700 | _aFitter, Alastair H | ||
| 856 | _uhttp://www.loc.gov/catdir/description/els031/2001090353.html | ||
| 995 |
_FCBU-MAIN LIBRARY (Kitwe) _I0.00 _M1 _UAVAILABLE _WJun 20, 2012 _ZMain Library Open Access Collection |
||
| 999 |
_c42263 _d42263 |
||